1018 1274 1819 1960 1913 1130 1493 1486 1459 1969 1376 1955 1637 1911 1848 1426 1069 1046 1441 1220 1913 1419 1112 1686 1579 1569 1168 1822 1009 1750 1048 1723 1876 1006 1776 1671 1577 1094 1995 1261 1435 1529 1353 1408 1082 1220 1332 1248 1713 1526 1481 1176 1286 1748 1051 1855 1839 1089 1734 1554 1655 1946 1718 1195 1449 1919 1919 1988 1366 1485 1743 1904 1723 1773 1489 1272 1101 1130 1413 1248 1047 1791 1263 1170 1512 1046 1996 1837 1943 1175 1937 1576 1667 1856 1032 1941 1271 1046 1509 BCNSPRNW ULIB Ver.6.0+V

เปลี่ยนเป็นภาษาไทย

Change to English
 แสดงรายละเอียดบรรณานุกรม
  กลับหน้าหลัก

Brief Record : Get Marc (ISO 2709) : E-mail record : QR code < ปิดหน้าต่าง
LEADER : 00000nam 2200000uu 4500
001    13399112935
003     ULIB
008    110919s2552||||th 000 0 tha d
020    9786169015307
090    นว.^bส174ร 2552
100 0  สเตเฟนี่ เมเยอร์
245 00 รุ่งอรุโณทัย เล่ม 2/^cอาทิตยา แปล
250    พิมพ์ครั้งที่ 7
260    กรุงเทพฯ :^bปราชญ์เปรียว,^c2552
300    422 หน้า
945    ^p300^l0^i16298
995    กัณชพร
999     ^aใช้งานได้ทุกระบบ
รายการนี้ยังไม่มีแท็ก
คุณยังไม่ได้ล็อกอิน คุณสามารถมีกิจกรรมร่วมกับเว็บไซต์ได้ แต่ต้องล็อกอินก่อน ::
  ล็อกอิน

รายการสื่อสารสนเทศ

ลำดับที่ ประเภท เลขเรียก/บาร์โค้ด สถานที่ สถานะ
1. นวนิยาย
นวนิยาย
นว. ส174ร 2552  
  Barcode: 16298
ห้องสมุดวิทยาเขตสวรรค์ประชารักษ์
►นวนิยาย
บนชั้น
  ขอยืม

รายการใกล้เคียง
    ผู้แต่ง [สเตเฟนี่ เมเยอร์]

BibComment


ยังไม่เคยถูกคอมเมนท์

คอมเมนท์ทรัพยากรรายการนี้
  คอมเมนท์: รุ่งอรุโณทัย เล่ม..


 Copyright 2026. Bcnsprnw @Library